Statistics for celebrity quiz

Click here to take the quiz!

General Stats

  • This quiz has been taken 63 times
  • The average score is 31 of 45

Answer Stats

HintAnswer% Correct
bieberjustin
98%
swifttaylor
98%
kardashiankim
93%
cruisetom
93%
hollandtom
93%
cyrusmiley
91%
stylesharry
89%
westkanye
89%
dicaprioleonardo
89%
pittbrad
87%
deppjohnny
87%
jennerkylie
85%
anistonjennifer
84%
perrykaty
84%
gomezselena
84%
marsbruno
82%
mendesshawn
80%
jolieangelina
78%
affleckben
76%
jacksonmichael
75%
pattinsonrobert
75%
hadidbella
73%
cabellocamilla
69%
kardashiankhloe
69%
stoneemma
67%
jennerkris
67%
levineadam
65%
bieberhailey
65%
hadidgigi
64%
jennerkendall
62%
monroemarilyn
62%
chalamettimothee
58%
schwimmerdavid
56%
kardashiankourtney
56%
kudrowlisa
56%
malikzayn
55%
payneliam
53%
leblancmatt
53%
perrymatthew
47%
horanniall
47%
tomlinsonlouis
45%
camerondove
38%
johnsondwayne
33%
carsonsofia
16%
coxcourteney
15%

Score Distribution

Percentile by Number Answered

Percent of People with Each Score

Your Score History

You have not taken this quiz